O jakim Polaku mowa? - Statystyki

Ogólne statystyki
  • Ten quiz został rozwiązany 222 razy
  • Średni wynik to 13 z 25
Statystyki odpowiedzi
Opis Znany Polak % Poprawnych
W 1891 Maria wyjechała z Królestwa Polskiego do Paryża, by podjąć studia na Sorbonie. Otrzymała dwie nagrody Nobla. Maria Skłodowska-Curie
92%
Polski skoczek narciarski i kierowca rajdowy, uprawiał też kombinację norweską. Od 2016 pełni funkcję dyrektora koordynatora ds. skoków narciarskich i kombinacji norweskiej w Polskim Związku Narciarskim. Adam Małysz
89%
Poeta, działacz polityczny, publicysta,dowódca wojskowy. Obok Juliusza Słowackiego i Zygmunta Krasińskiego uważany za największego poetę polskiego romantyzmu. Adam Mickiewicz
84%
Polski poeta epoki renesansu, tłumacz, prepozyt kapituły katedralnej poznańskiej w latach 1564–1574. Znany przeważnie z trenów o swojej zmarłej córeczki. Jan Kochanowski
83%
Władca Polski z dynastii Piastów sprawujący władzę od ok. 960 roku. Syn Siemomysła, wnuk Lestka. Ojciec pierwszego króla Polski. Mieszko I
83%
Polityk i działacz związkowy, z zawodu elektryk. Czołowy opozycjonista w okresie PRL, współzałożyciel i pierwszy przewodniczący NSZZ „Solidarność” Lech Wałęsa
82%
Duchowny rzymskokatolicki, biskup pomocniczy. Został wybrany na papieża przez drugie zgromadzenie kardynałów. Jan Paweł II
79%
Władca Polski z dynastii Piastów, pierwszy koronowany król Polski (od 1025), w latach 1003–1004 także książę Czech jako Bolesław IV, książę Polski od 992. Bolesław Chrobry
77%
Polski astronom, autor dzieła "O obrotach sfer niebieskich" przedstawiającego szczegółowo i w naukowo użytecznej formie heliocentryczną wizję Wszechświata. Mikołaj Kopernik
71%
Polski działacz społeczny i niepodległościowy. Kierownik Komisji Wojskowej i Tymczasowej Rady Stanu . Zmarł 12 maja 1935, został pochowany w Katedrze Wawelskiej w Krakowie. Józef Piłsudski
69%
Królowa Polski z dynastii Andegawenów, córka Ludwika Węgierskiego i Elżbiety Bośniaczki, w 1384 koronowana na króla Polski. Jadwiga Andegaweńska
63%
Król Polski od 1674, hetman wielki koronny od 1668, hetman polny koronny od 1666. Bardzo zakochany w Marysieńce. Jan III Sobieski
61%
Poetka, eseistka, krytyczka, tłumaczka, felietonistka; laureatka Nagrody Nobla w dziedzinie literatury (1996), członek założyciel Stowarzyszenia Pisarzy Polskich (1989) Wisława Szymborska
56%
Rycerz, niepokonany w licznych turniejach, symbol cnót rycerskich; delegat na Sobór w Konstancji, uczestnik wojen z zakonem krzyżackim, Turkami i husytami, starosta kruszwicki od 1417, starosta spiski od 1420 r. Zawisza Czarny
51%
Rotmistrz kawalerii Wojska Polskiego, współzałożyciel Tajnej Armii Polskiej, żołnierz Armii Krajowej, więzień i organizator ruchu oporu w KL Auschwitz. Zamordowany 25 maja 1948 roku przez komunistów. Witold Pilecki
43%
Lekkoatleta – tyczkarz i wieloboista. Złoty medalista olimpijski w skoku o tyczce z Moskwy z roku 1980. Znany ze swojego gestu po skoku. Władysław Kozakiewicz
40%
Polski polityk komunistyczny, I sekretarz KC PPR (1943–1948), I sekretarz KC PZPR (1956–1970) Władysław Gomułka
35%
Pisarz, prozaik i nowelista, jeden z głównych przedstawicieli realizmu z elementami naturalizmu w prozie Młodej Polski. Niewielką część jego spuścizny stanowią wiersze. Laureat Nagrody Nobla w dziedzinie literatury. Władysław Reymont
34%
Polski wojskowy i polityk. Generał dywizji Polskich Sił Zbrojnych, dowódca Armii Polskiej w ZSRR oraz 2 Korpusu Polskiego. Naczelny Wódz Polskich Sił Zbrojnych, następca prezydenta RP na uchodźstwie w latach 1950–1954 Władysław Anders
29%
Polski wojskowy i polityk, generał broni Wojska Polskiego, premier i minister spraw wojskowych II Rzeczypospolitej, Naczelny Wódz Polskich Sił Zbrojnych i premier Rządu RP na Uchodźstwie podczas II wojny światowej. Zmarł w "wypadku" samolotowym w Giblartarze Władysław Sikorski
27%
Polski wokalista, multiinstrumentalista, kompozytor, wirtuoz gitary, a także autor tekstów piosenek. Lider i współzałożyciel zespołu Lady Pank. Muzyczny samouk. Autor solowego projektu Jan Bo. Jan Borysewicz
25%
Polski poeta, prozaik, dramatopisarz, eseista, grafik, rzeźbiarz, malarz i filozof. Często uznawany za ostatniego z czterech najważniejszych polskich poetów romantycznych. Wielu historyków literatury uważa jednak taki pogląd za zbytnie uproszczenie. Cyprian Norwid
15%
Kompozytor, multiinstrumentalista, piosenkarz i wokalista rockowy, autor tekstów piosenek. Jeden z najważniejszych twórców muzyki pop w Polsce. Czesław Niemen
8%
Zakonnik ze Zgromadzenia Zmartwychwstańców oraz wynalazca i przedsiębiorca działający w USA. Wynalazł materiał kuloodporny, bezdętkowe i nieprzebijalne opony samochodowe oraz kuloodporną płytę pancerną. Kazimierz Żegleń
2%
Naukowiec, wynalazca, inżynier, porucznik saperów Polskich Sił Zbrojnych na Zachodzie podczas II wojny światowej. Wynalazł ręczny wykrywacz min, co było istotnym wkładem w zwycięstwo aliantów Józef Kosacki
1%
Nie znaleziono quizów pasujących do podanych kryteriów
Rozkład punktacji
Procent ludzi z każdym wynikiem
Percentyl według liczby udzielonych odpowiedzi
Twoja historia wyników
Nie rozwiązałeś tego quizu